000 00571nam a2200241Ia 4500
001 3789
003 7630
005 20250501062534.0
008 ||||||n9999 ||| || ||
041 _aspa
082 _219
_a332.1
100 _aTrescott, Paul
_96998
245 0 _aMoney, banking, and economic welfare
260 _aEstados Unidos :
_bMcGraw-Hill Book Company,
_c1960.
300 _a588p.
562 _e1
650 0 _aEconomía del bienestar
_95466
650 0 _aMoneda
_96960
942 _cBKM
999 _c3789
_d3789
526 _a4969
526 _a51868
526 _a1697